00612nam a2200169Ia 4500008004100000100002000041245014100061245006100202260003300263260000900296300002900305440003500334650002400369650002400393650001300417650001200430190511s9999 xx 000 0 und d aJanczyk, Markus aOral versus written recallof long-term memory items: Replicating and extending the writing superiority effect across knowledge domains / cMarkus Janczyk, Martin Assmann, and Joachim Grabowski.-- bUniversity of Illinois Press c2018 aPages 263-272, Fall 2018 aJournal of Psychologyv131 (3) aKnowledge diagnosis aLanguage production aSpeaking aWriting